پر و فيسر پر يم شنکر سر ی و ا ستو شنکرکے منتخب طنز يہ و مز ا حيہ مضا مين (Record no. 171320)

MARC details
000 -LEADER
fixed length control field 00843nam a22001937a 4500
005 - DATE AND TIME OF LATEST TRANSACTION
control field 20200110105504.0
010 ## - LCCN (DPL NO)
LC control number UR-10650
020 ## - INTERNATIONAL STANDARD BOOK NUMBER
Terms of availability 300.00
International Standard Book Number -
035 ## - SYSTEM CONTROL NUMBER
System control number U-9205
037 ## - SOURCE OF ACQUISITION
Source of stock number/acquisition DBAD/PUB
Stock number -
082 ## - DEWEY DECIMAL CLASSIFICATION NUMBER
Classification number 844.08
100 ## - MAIN ENTRY--PERSONAL NAME
Personal name مر تبہ:عز يز اللہ شير ا نی
245 ## - TITLE STATEMENT
Title پر و فيسر پر يم شنکر سر ی و ا ستو شنکرکے منتخب طنز يہ و مز ا حيہ مضا مين
Statement of responsibility, etc مر تبہ:عز يز اللہ شير ا نی
246 ## - VARYING FORM OF TITLE
Remainder of title Prof./Prem Shanker Srivastava Shanker Ke Muntakhab Tanziya Wa Mazahiya Mazameen (Urdu)
Title proper/short title Edited by:Azizullah Sheerani
260 ## - PUBLICATION, DISTRIBUTION, ETC. (IMPRINT)
Place of publication, distribution, etc Rajisthan
Name of publisher, distributor, etc Dr.Azizulah Sherani
Date of publication, distribution, etc 2018ء
270 ## - ADDRESS
Address Farhat Manzil,Kali Palton,Dewanji Ke Kuain Ke Pass
City Tonk
Postal code -
Telephone number 9214984819
Fax number -
300 ## - PHYSICAL DESCRIPTION
Extent 240 ص
Dimensions 22 Cm(Hb)
942 ## - ADDED ENTRY ELEMENTS (KOHA)
Source of classification or shelving scheme Dewey Decimal Classification
Item type Urdu Bks
Classification part 844.08
Call number suffix ش ن ک
Holdings
Withdrawn status Lost status Not for loan Collection code Home library Current library Date acquired Source of acquisition Cost, normal purchase price Full call number Barcode Copy number Cost, replacement price Koha item type
    Not For Loan Non-fiction Central Library Central Library 10/01/2020 BPPD/Ven. 350.00 844.08 ش ن ک U-9205 1 350.00 Urdu Bks

© Delhi Public Library
Hit Counter
free hit counter